| 000 | 00585aam a2200229 4500 | ||
|---|---|---|---|
| 005 | 20220126094106.0 | ||
| 008 | 150714b xxu||||| |||| 00| 0 spa d | ||
| 041 | _aInglés | ||
| 082 | _a428.3 Ch431e | ||
| 100 |
_aChacón Araya, Xinia _931228 |
||
| 100 |
_aFlores Gómez, Agnes _931229 |
||
| 245 | _aEnglish reading comprehension toolsv | ||
| 250 | _a3 edición | ||
| 260 | _aCosta Rica | ||
| 260 | _bEUNA | ||
| 260 | _c2005 | ||
| 300 | _a158 páginas | ||
| 650 |
_a INGLES _92062 |
||
| 650 |
_aENSEÑANZA _9236 |
||
| 650 |
_aCOMPRENSIÓN DE LECTURA _9355 |
||
| 942 | _cBK | ||
| 999 |
_c1725 _d1725 |
||